| 000 | 00414nam a2200157Ia 4500 | ||
|---|---|---|---|
| 008 | 221030s9999 xx 000 0 und d | ||
| 020 | _a8126508853 | ||
| 100 | _aA. Silberchatz | ||
| 245 | 0 |
_aOperating System Concepts 6th Ed. _cby A. Silberchatz, P. B. Galvin |
|
| 250 | _a6th | ||
| 260 |
_bWilley Pub. _aNew Delhi _c2014 |
||
| 300 | _a951 | ||
| 650 | _aComputers | ||
| 700 | _aP. B. Galvin | ||
| 942 |
_cBK _2ddc |
||
| 999 |
_c17220 _d17220 |
||